000 00426nam a2200181Ia 4500
008 090124s9999 xx 000 0 und d
082 _b103256
100 _aलेले वि.गं.
245 _a कळस
250 _a1
260 _c1950
300 _a108
600 _aलेले वि.गं.
630 _a कळस
700 _aलेले वि.गं.
730 _a कळस
942 _cBOOK
999 _c149348
_d149348